000 00583nam a2200193Ia 4500
005 20250529100055.0
008 210716s2003 xx 000 0 und d
020 _a0070528020
040 _cAIMIT LIBRARY
041 _aeng
082 _a332
_23
_bCHAP
100 _aChandra, Prasanna.
_914882
245 _aFinance sense:
_bfinance for non-finance executives /
_cPrasanna Chandra.
250 _a3rd ed.
260 _aNew Delhi:
_bTata McGraw Hill Publishing Company Ltd,
_c2003.
300 _axv,484p,
_c23cm.
650 _aFinance
_914883
942 _2ddc
_cBK
_e3rd ed.
_k332 CHAP
999 _c199164
_d199164